<?xml version="1.0" encoding="UTF-8"?>
<collection xmlns="http://www.loc.gov/MARC21/slim">
<record>
  <controlfield tag="001">6473</controlfield>
  <controlfield tag="005">20230623172720.0</controlfield>
  <datafield tag="037" ind1=" " ind2=" ">
    <subfield code="a">OUTRTLK-2023-0035</subfield>
  </datafield>
  <datafield tag="100" ind1=" " ind2=" ">
    <subfield code="a">Christine, Verbeke</subfield>
  </datafield>
  <datafield tag="245" ind1=" " ind2=" ">
    <subfield code="a">Te gast op wetenschapshow (buiten)aards</subfield>
  </datafield>
  <datafield tag="260" ind1=" " ind2=" ">
    <subfield code="c">2023</subfield>
  </datafield>
  <datafield tag="269" ind1=" " ind2=" ">
    <subfield code="c">2023-05-27</subfield>
  </datafield>
  <datafield tag="520" ind1=" " ind2=" ">
    <subfield code="a">Lieven en Hetty duiken in alles wat (buiten)aards voelt. Amateur-astronoom en begenadigd verteller Stijn Meuris maakt na één jaar James Webb een stand van zaken op. ESA-ingenieur Koen De Beule brengt dingen mee die al in de ruimte zijn geweest. Stijn Janssen vertelt ons hoe we de warmte van onze eigen planeet kunnen gebruiken om van het gas af te raken. En aan Christine Verbeke vragen we wanneer de volgende zonnestorm al onze technologie volledig om zeep zal helpen. Een uur lang boeiende gesprekken en straffe beelden, samen met onze liveband en special guest Lauren Versnick!</subfield>
  </datafield>
  <datafield tag="594" ind1=" " ind2=" ">
    <subfield code="a">STCE</subfield>
  </datafield>
  <datafield tag="773" ind1=" " ind2=" ">
    <subfield code="t">Main theater van het Nerdlandfestical</subfield>
  </datafield>
  <datafield tag="856" ind1="0" ind2=" ">
    <subfield code="f">christine.verbeke@observatory.be</subfield>
  </datafield>
  <datafield tag="856" ind1="4" ind2="2">
    <subfield code="a">https://www.nerdlandfestival.be/nl/programma/wetenschapsshow-buiten-aards</subfield>
  </datafield>
  <datafield tag="980" ind1=" " ind2=" ">
    <subfield code="a">OUTRTLK</subfield>
  </datafield>
</record>
</collection>